Normal view
MARC view
- Hassan Azwar
Entry Personal Name
001 - CONTROL NUMBER
- control field: 69994
003 - CONTROL NUMBER IDENTIFIER
- control field: NUST
005 - DATE AND TIME OF LATEST TRANSACTION
- control field: 20210628204339.0
008 - FIXED-LENGTH DATA ELEMENTS
- fixed length control field: 210628|| aca||aabn | a|a d
040 ## - CATALOGING SOURCE
- Original cataloging agency: NUST
- Transcribing agency: NUST
100 ## - HEADING--PERSONAL NAME
- Personal name: Hassan Azwar
670 ## - SOURCE DATA FOUND
- Source citation: Work cat.: (NUST): Hassan Azwar, TH-SOF-1661-Intrusion Detection for Cyber Security Systems Using Machine Learning and Data Mining, 2019
